000 00270nam a2200109Ia 4500
001 1272244
005 20260417151424.0
008 260417s9999 xx 000 0 und d
020 _a9786256910904
245 0 _aFırtına Dolabı
_cTuğrul Ahmet
260 _bKetebe Çocuk
999 _c1272244
_d1272244